Territoires britanniques d'outre-mer - Statistiques

Statistiques générales
  • Ce quiz a été pris 64 fois
  • Le résultat moyen est 8 sur 14
Statistiques - réponses
Capitale Territoire % Correct
Gibraltar Gibraltar
88%
Port Stanley Îles Malouines
76%
Hamilton Bermudes
75%
Road Town Îles Vierges britanniques
71%
Plymouth Montserrat
71%
Jamestown Sainte-Hélène, Ascension et Tristan da Cunha
71%
The Valley Anguilla
65%
George Town Îles Caïmans
61%
King Edward Point Géorgie du Sud-et-les Îles Sandwich du Sud
53%
Cockburn Town Îles Turques-et-Caïques
51%
Adamstown Îles Pitcairn
49%
Camp Thunder Cove Territoire britannique de l'océan Indien
35%
Rothera Territoire britannique de l'Antarctique
31%
Cantonnement d'Episkopi Akrotiri et Dhekelia
27%
Aucun quiz correspondant
Distribution des résultats
% des personnes avec chaque résultat
Percentile par nombre de réponses
Votre historique - résultats
Vous n’avez pas pris ce quiz